Bird conservation (Registro nro. 16724)

Detalles MARC
000 -CABECERA
Campo de control 00661cas a22002053a 4500
005 - FECHA Y HORA DE LA ULTIMA TRANSACCION
Campo de control 20170509124812.0
008 - ELEMENTOS DE LONGITUD FIJA—INFORMACION GENERAL
Campo de control 020311c19969999dcuqr p 0 a0eng
040 ## - FUENTE DE CATALOGACIÓN
Agencia catalogadora original CO-BoIAVH
Agencia transcriptora CO-BoIAVH
041 0# - IDIOMA
Código de idioma para texto/pista de sonido o título separado Inglés
044 ## - PAÍS DE PUBLICACIÓN
País de publicación Estados Unidos
090 ## - CLASIFICACIÓN LOCAL
Colección SE-
245 00 - MENCION DE TITULO
Título Bird conservation
260 ## - PUBLICACION, DISTRIBUCION, ETC. (PIE DE IMPRENTA)
Lugar de publicación, distribución, etc. Washington, D.C. (EE.UU.) :
Nombre del editor, distribuidor, etc. American Bird Conservancy,
Fecha de publicación, distribución, etc. 1996-.
300 ## - DESCRIPCION FISICA
Otros detalles físicos ilustraciones ;
Dimensiones 28 x 21 cm.
650 26 - ASIENTO SECUNDARIO DE MATERIA - TERMINO TEMATICO
Término temático o nombre geográfico como elemento de entrada Aves
Subdivisión general Conservación
Subdivisión geográfica América
Subdivisión de forma Publicaciones periódicas
9 (RLIN) 81423
710 2# - ASIENTO SECUNDARIO - NOMBRE CORPORATIVO
Nombre corporativo o de jurisdicción como elemento de entrada American Bird Conservancy
9 (RLIN) 81420
710 2# - ASIENTO SECUNDARIO - NOMBRE CORPORATIVO
Nombre corporativo o de jurisdicción como elemento de entrada Partners in Flight
9 (RLIN) 81421
710 2# - ASIENTO SECUNDARIO - NOMBRE CORPORATIVO
Nombre corporativo o de jurisdicción como elemento de entrada National Fish and Wildlife Foundation (U.S.)
9 (RLIN) 81422
942 ## - ELEMENTOS ADICIONALES (KOHA)
Sistema de clasificación Local
Tipo de ítem Periodica o revista
Existencias
Withdrawn status Lost status Sistema de Clasificación Damaged status No para préstamo Colección Fecha publicación (Año) Inventariado Ubicación Permanente Ubicación actual Fecha de adquisición Datos de publicación Seriada Total Checkouts Número topográfico Inventario / Código de Barras Date last seen Ejemplar Price effective from Forma de adquisición Tipo de material
    Local     Hemeroteca 1998 Inventariado 2017 Bogotá Bogotá 30/05/2007 (01/03/1998)   SE- 024435 25/03/2015 Ej. 1 25/03/2015 Donación Periodica o revista